000 00772cab a2200229 4500
001 WB2645-03
008 090401t1990 xxu||||| |||| 00| 0 eng d
035 _a(Sirsi) u22058
041 _aeng
245 _aStar rating for energy savings
260 _c1990
350 _a0
490 _aFinancial Times
_v14/11/90 p15
520 _aA private consultancy has launched it scheme, Starpoint , which provides energy efficiency survey s of homes, awarding star ratings of 1 - 5. The scheme has government blessing and may be incorporated into building regulations .
650 _aENERGY CONSERVATION
650 _aENERGY LABELLING
650 _aGLOBAL WARMING
650 _aHOME ENERGY RATING
690 _aBUILT ENVIRONMENT
942 _n0
948 _c04/03/1997
999 _c14772
_d14772